MARC

LEADER 00000nam0a2200000 4500
001 306547
005 20231102001914.0
020 |a RU  |b 82-71698 
035 |a (RuTPU)RU\TPU\book\331824 
090 |a 306547 
100 |a 20151008d1982 m y0rusy5003 ca 
101 0 |a rus 
102 |a RU 
105 |a a j 001zy 
200 1 |a Математическое моделирование компонентов радиоэлектронных схем  |e учебное пособие  |f Баранов В. К.  |g Челябинский политехнический институт (ЧелПИ) 
210 |a Челябинск  |c Изд-во ЧПИ  |d 1982 
215 |a 57 с.  |c ил. 
300 |a На обл. авт. не указан 
320 |a Библиогр.: с. 56 
606 1 |a Радиоэлектронные схемы  |2 stltpush  |3 (RuTPU)RU\TPU\subj\23566  |9 48139 
610 1 |a математическое моделирование 
610 1 |a учебные пособия 
610 1 |a классификация 
610 1 |a биполярные полупроводниковые микросхемы 
610 1 |a униполярные элементы 
610 1 |a электрофизические характеристики 
675 |a 621.396.6(075.8)  |z rus  |v 3 
700 1 |a Баранов  |b В. К.  |4 070 
712 0 2 |a Челябинский политехнический институт (ЧелПИ)  |c (1951-1990)  |2 stltpush  |3 (RuTPU)RU\TPU\col\7924 
801 0 |a RU  |b RuMRKP  |c 19950704  |g psbo 
801 1 |a RU  |b 63413507  |c 20151008 
801 2 |a RU  |b 63413507  |c 20180627  |g RCR 
942 |c BK